000 00709nam a2200205Ia 4500
003 GCL
008 140319s9999 xx 000 0 ara d
020 _a6037309977
040 _aGCL /
_cGCL
082 0 4 _aق
_b953.0738
_bم ع
100 1 _aمحمد عمارة
245 1 0 _aعندما اصبحت مصر عربية اسلامية /
_cمحمد عمارة
250 _aالاولى
260 _aالقاهرة :
_bدار الشروق ،
_c1997
300 _a159 ص ؛
_c19 سم
650 0 4 _aالدولة الفاطمية ( 969 - 1171م )
650 0 4 _aمصر - تاريخ - العصر الاسلامى
650 0 4 _aمصر - تاريخ - العصر الفاطمى ( 969-1171 م )
942 _2ddc
_cBK
999 _c50144
_d50144